000 00417cam a2200169ua 4500
020 _c12.00
041 _aeng
_h
082 _a823.308
_bDIC/AD
100 _aDickens, Charles.
245 _aAdventures of Oliver Twist /
_cCharles Dickens.
_hTextual Documents
260 _aLondon :
_bMcMillon & Co Ltd ,
_c1962.
300 _a394 ; .
365 _a12.00
504 _a
942 _cBK
999 _c6843
_d6843